000 00423nam a22001457a 4500
005 20240314150229.0
008 240314b ||||| |||| 00| 0 eng d
040 _cAL
041 _aEnglish
082 _223
_a636.5
_bOVER
100 _aVijay Rebello
_9154366
245 _aOverall Study on Hatcheries with Special Reference to Souza Hatcheries Mangalore
650 _aProject Report 1994-1997
_9154367
942 _2ddc
_cPRO
999 _c230344
_d230344